| 000 | 01117nam a2200289 i 4500 | ||
|---|---|---|---|
| 001 | 17535 | ||
| 003 | ES-MaACL | ||
| 005 | 20240426063018.0 | ||
| 007 | t| | ||
| 008 | 010402s1913 sp |||| | spa d | ||
| 040 | _cES-MaACL | ||
| 080 | _a711.4(460.27 M-212)(073) | ||
| 080 | _a711.4(377 Pompeya)(073) | ||
| 100 | 1 |
_aGonzález del Castillo, Hilarión, _958582 _d1869-1941 _eaut |
|
| 245 | 1 | 0 |
_aPompeya y la Ciudad Lineal : _bfebrero-marzo 1913 : programa de las conferencias / _cde D. Hilarión González del Castillo. |
| 260 |
_aMadrid : _b[s.n., _c1913] _f(Imp. de la Ciudad Lineal) |
||
| 300 |
_a12 páginas ; _c16 cm. |
||
| 500 | _aPrecede al tít.: Ateneo de Madrid | ||
| 500 | _aPrograma de las conferencias dadas en el Ateneo de Madrid, en febrero-marzo de 1913 | ||
| 610 | 2 | 4 |
_aAteneo de Madrid- _vConferencias- _vProgramas. _91909 |
| 650 |
_aUrbanismo- _zCiudad Lineal (Madrid, Distrito) _917698 |
||
| 651 | 4 |
_aPompeya (Ciudad desaparecida) _9149648 |
|
| 852 |
_aES-MaACL _cDEPOF _jT-1335-F-1 |
||
| 942 |
_cFOLLETOS _n0 |
||
| 999 |
_c17535 _d17535 |
||